[Event "Ch URS"]
[Site "masterchessopen.com Moscow (Russia)"]
[Round "16"]
[White "Boleslavsky Isaac (RUS)"]
[Black "Kotov Alexander A (RUS)"]
[Result "1-0"]
[WhiteElo "2560"]
[BlackElo "2500"]

1.e4 c5 2.Nf3 d6 3.d4 cxd4 4.Nxd4 Nf6 5.Nc3 a6 6.Be2 Qc7 7.O-O e6 8.f4 Nc6
9.Kh1 Be7 10.Be3 Bd7 11.Qe1 b5 12.a3 O-O 13.Qg3 Rfd8 14.Bf3 Rab8 15.Rad1 b4 {
!? } 16.axb4 Rxb4 17.e5 { !? } 17...Ne8 ( 17...dxe5 18.fxe5 Nxe5 19.Bf4 Bd6 )
18.f5 { ! } 18...Nxe5 19.fxe6 fxe6 20.Bg5 { ? } ( 20.Bd5 { ! } 20...Qc8 21.Nf5
{ ! } ) 20...Nf6 { ! } 21.Nf5 { !? } ( { ? } 21.Bxf6 Bxf6 22.Bd5 { ! } )
21...exf5 22.Nd5 Nxd5 23.Bxd5+ Kh8 ( 23...Kf8 24.Bxe7+ Kxe7 25.Qxg7+ Ke8 { +??
} ) 24.Bxe7 Re8 { ? } ( 24...Rc8 ) 25.Bxd6 { ! } 25...Qxd6 26.Bf7 Qe7 { ? } (
26...Qb8 27.Bxe8 Bxe8 28.Qa3 { ! ± } ) 27.Bxe8 Qxe8 28.Rde1 { ! } 28...f4
29.Rxf4 Rxb2 30.Rfe4 Rxc2 31.Rxe5 Qg6 32.Re7 { ! } 32...Be6 33.R7xe6 {#r} 1-0

[Event "Ch Germany"]
[Site "masterchessopen.com Leipzig (Germany)"]
[Round "6"]
[White "Fuchs Reinhard (GER)"]
[Black "Hoffmann Hans (GER)"]
[Result "1-0"]
[WhiteElo "2389"]
[BlackElo "2120"]

1.e4 c5 2.Nf3 e6 3.d4 cxd4 4.Nxd4 Nf6 5.Nc3 d6 6.Be2 a6 7.O-O Qc7 8.f4 Nc6
9.Be3 Bd7 10.Qe1 Be7 11.Rd1 b5 12.a3 Rc8 13.Qg3 O-O 14.Bd3 g6 15.Kh1 Na5 16.f5
e5 17.Nde2 Nc4 18.Bc1 Bc6 19.b3 Nb6 20.Bh6 Rfd8 21.Rf2 Nbd7 22.Rdf1 Nh5 23.Qh3
Bf8 24.fxg6 fxg6 25.Bg5 Re8 26.Rf7 Qb7 27.Nd5 Bxd5 28.Rxd7 Qc6 29.exd5 Qxd5
30.c4 Qc5 31.Be4 bxc4 32.b4 Qb5 33.Nc3 Qb8 34.Bd5+ Kh8 35.Qxh5 {#r} 1-0

[Event "Ch Germany"]
[Site "masterchessopen.com Hoechst (Germany)"]
[Round "9"]
[White "Bialas Wolfram (GER)"]
[Black "Schmid Lothar (GER)"]
[Result "1-0"]
[WhiteElo "2325"]
[BlackElo "2530"]

1.e4 c5 2.Ne2 e6 3.d4 cxd4 4.Nxd4 Nf6 5.Nc3 d6 6.Be2 a6 7.O-O Qc7 8.f4 Nc6
9.Be3 Be7 10.Qe1 O-O 11.Rd1 Bd7 12.Qg3 b5 13.Bd3 b4 14.Nce2 d5 15.e5 Ne4
16.Bxe4 dxe4 17.f5 exf5 18.Nxf5 Bxf5 19.Rxf5 Nd8 20.Nf4 Bc5 21.Nd5 Qa7 22.Re1
Kh8 23.Qh3 Bxe3+ 24.Rxe3 f6 25.exf6 g6 26.Rf4 Qd4 27.Qh6 Ne6 28.Rxe4 Qxd5
29.Rxe6 Qd1+ 30.Re1 Qd4+ 31.Kh1 {#r} 1-0

[Event "Olympiad"]
[Site "masterchessopen.com Munich (Germany)"]
[Round "6"]
[White "Unzicker Wolfgang (GER)"]
[Black "Pachman Ludek (GER)"]
[Result "1-0"]
[WhiteElo "2433"]
[BlackElo "2278"]

1.e4 c5 2.Nf3 d6 3.d4 cxd4 4.Nxd4 Nf6 5.Nc3 a6 6.Be2 e6 7.O-O Qc7 8.a4 Nc6
9.Be3 Be7 10.Nb3 b6 11.f4 O-O 12.Bf3 Rb8 13.Qe2 Na5 14.Rad1 Nc4 15.Bc1 b5
16.axb5 axb5 17.Qf2 b4 18.Ne2 e5 19.Ng3 exf4 20.Nf5 Re8 21.Nxe7+ Rxe7 22.Bxf4
Bb7 23.Nc5 Bc8 24.Qd4 Rb6 25.Qxc4 Qxc5+ 26.Qxc5 dxc5 27.Bd6 Re8 28.e5 Nd7
29.Bd5 Re6 30.Bxe6 fxe6 31.Bxc5 {#r} 1-0

[Event "Ch Yugoslavia"]
[Site "masterchessopen.com Belgrade (Yugoslavia)"]
[Round "0"]
[White "Karaklajic Nikola (SRB)"]
[Black "Nedeljkovic Srecko (SRB)"]
[Result "1-0"]
[WhiteElo "2303"]
[BlackElo "2188"]

1.e4 c5 2.Nf3 d6 3.d4 cxd4 4.Nxd4 Nf6 5.Nc3 a6 6.Be2 e6 7.O-O Qc7 8.f4 Nbd7
9.Bf3 Be7 10.Kh1 O-O 11.Qe1 Re8 12.a4 Bf8 13.Qg3 Kh8 14.Nde2 e5 15.Be3 b6
16.Rad1 Bb7 17.Qh4 Rac8 18.Ng3 Bc6 19.Be2 Qb7 20.fxe5 Nxe5 21.Rxf6 gxf6 22.Nh5
Ng6 23.Qxf6+ Kg8 24.Bd4 Bxe4 25.Nxe4 Qxe4 26.Bd3 Qg4 27.Rf1 Re5 28.Qxf7+ Kh8
29.Bxe5+ dxe5 30.Nf6 {#r} 1-0

[Event "Ch URS"]
[Site "masterchessopen.com Baku (Azerbaijan)"]
[Round "0"]
[White "Nezhmetdinov Rashit (RUS)"]
[Black "Tal Mikhail N (LAT)"]
[Result "1-0"]
[WhiteElo "2450"]
[BlackElo "2520"]

1.e4 c5 2.Nf3 d6 3.d4 cxd4 4.Nxd4 Nf6 5.Nc3 e6 6.Be2 a6 7.O-O Qc7 8.f4 Nbd7
9.g4 b5 10.a3 Bb7 11.Bf3 Nc5 12.Qe2 e5 13.Nf5 g6 14.fxe5 dxe5 15.Nh6 { ! }
15...Ne6 16.Bg2 { ! } 16...Bg7 17.Rxf6 { ! } 17...Bxf6 18.Nd5 Qd8 ( 18...Bxd5
19.exd5 Nd4 20.Qf2 Qb6 21.g5 Ne2+ 22.Kf1 Qxf2+ 23.Kxf2 Nd4 24.gxf6 Nxc2 25.Ra2
{ = } ) 19.Qf2 Nf4 { ? } 20.Bxf4 exf4 21.e5 { ! } 21...Bxe5 ( 21...Bxd5
22.exf6 { ! } 22...Bxg2 23.Re1+ { +?? } ) 22.Re1 f6 ( 22...Bxd5 23.Rxe5+ Be6
24.Bc6+ Kf8 25.Bxa8 Qxa8 26.Qd4 Kg7 27.Rf5+ { ! } 27...Kxh6 28.Rh5+ gxh5
29.Qf6# ) 23.Nxf6+ { ! } 23...Qxf6 24.Qd4 { ! } 24...Kf8 25.Rxe5 Qd8 (
25...Rd8 26.Re8+ { ! } 26...Kg7 27.Re7+ { +?? } ) 26.Rf5+ gxf5 27.Qxh8+ Ke7
28.Qg7+ Ke6 29.gxf5+ 1-0

[Event "Tournament (candidates)"]
[Site "masterchessopen.com Curasao (Netherlands)"]
[Round "18"]
[White "Geller Efim P (RUS)"]
[Black "Filip Miroslav (CZE)"]
[Result "1-0"]
[WhiteElo "2455"]
[BlackElo "2465"]

1.e4 c5 2.Nf3 d6 3.d4 cxd4 4.Nxd4 Nf6 5.Nc3 a6 6.Be2 e6 7.O-O Qc7 8.f4 Be7
9.Be3 Nbd7 10.Bf3 Nb6 11.Qe2 O-O 12.g4 { !? } 12...Nc4 ( 12...d5 { !? } 13.e5
Nfd7 14.Bf2 Nc5 15.f5 Bd7 { ? } ) 13.g5 Nd7 14.Nf5 Bd8 { ? } 15.Bd4 { ! }
15...f6 { ? } 16.Kh1 Ndb6 17.gxf6 { ?! } 17...Bxf6 { ? } ( 17...exf5 18.fxg7
Re8 19.Bh5 Bd7 { ? } ) 18.Bxf6 Rxf6 19.Nxd6 { ! } 19...Rxf4 ( 19...Nxd6 { ?! }
20.e5 Rxf4 21.exd6 Qxd6 22.Rad1 Qc7 23.Be4 { ! } ) 20.Nxc4 Nxc4 21.e5 { !! }
21...Bd7 22.Nd5 {#r} 1-0

[Event "Match \"]
[Site "masterchessopen.com Hungary"]
[Round "2"]
[White "Honfi Karoly (HUN)"]
[Black "Janosevic Dragoljub (YUG)"]
[Result "0-1"]
[WhiteElo "2365"]
[BlackElo "2330"]

1.e4 c5 2.Nf3 d6 3.d4 cxd4 4.Nxd4 Nf6 5.Nc3 e6 6.Be2 a6 7.O-O Qc7 8.f4 Nc6
9.Be3 Bd7 10.Qe1 b5 11.a3 Be7 12.Qg3 O-O 13.Rae1 Kh8 14.Kh1 Rab8 15.Bd3 b4
16.Nxc6 Bxc6 17.axb4 Rxb4 18.e5 dxe5 19.fxe5 Rg4 20.exf6 Rxg3 21.fxe7 Bxg2+
22.Kg1 Bc6+ {#R} 0-1

[Event "It"]
[Site "masterchessopen.com Pecs (Hungary)"]
[Round "6"]
[White "Paoli Enrico (ITA)"]
[Black "Damjanovic Mato (CRO)"]
[Result "0-1"]
[WhiteElo "2300"]
[BlackElo "2303"]

1.e4 c5 2.Nf3 e6 3.d4 cxd4 4.Nxd4 a6 5.Nc3 Qc7 6.Be2 Nf6 7.O-O d6 8.f4 Nc6
9.Be3 Be7 10.Bf3 O-O 11.Qe2 Nxd4 12.Bxd4 e5 13.Be3 exf4 14.Bxf4 Qb6+ 15.Be3
Qxb2 16.Qd2 Qb4 17.Rab1 Qc4 18.a3 Re8 19.Rb4 Qe6 20.Nd5 Nxd5 21.exd5 Qg6
22.Be4 f5 23.Bd3 b5 24.g4 a5 25.Rxb5 Qxg4+ 26.Kh1 Ba6 27.Rb6 Bxd3 28.Qxd3 Qh3
29.Rb3 a4 30.Rb6 Bd8 31.Bg1 Qxd3 32.cxd3 Bxb6 33.Bxb6 Re5 34.d4 Rxd5 35.Rd1
{#R} 0-1

[Event "Olympiad"]
[Site "masterchessopen.com Tel Aviv (Israel)"]
[Round "4"]
[White "Medina-Garcia Antonio (ESP)"]
[Black "Darga Klaus (GER)"]
[Result "1-0"]
[WhiteElo "2253"]
[BlackElo "2453"]

1.e4 c5 2.Nf3 e6 3.d4 cxd4 4.Nxd4 Nf6 5.Nc3 d6 6.Be2 a6 7.O-O Qc7 8.f4 Nbd7
9.Bf3 g6 10.f5 Ne5 11.g4 h6 12.Be2 Bg7 13.Be3 O-O 14.h4 exf5 15.exf5 gxf5
16.Nxf5 Bxf5 17.Rxf5 d5 18.g5 Neg4 19.Bf4 Qb6+ 20.Kg2 Qf2+ 21.Kh3 hxg5 22.hxg5
Nh5 23.Kxg4 Qg2+ 24.Kh4 Nxf4 25.Rxf4 Be5 26.Qf1 Qh2+ 27.Kg4 Rae8 28.Bd3 f5+
29.gxf6 Kh8 30.Qh1 Bxf4 31.Qxh2+ Bxh2 32.Rh1 {#r} 1-0

[Event "Ch Europe (team)"]
[Site "masterchessopen.com Hamburg (Germany)"]
[Round "0"]
[White "Matanovic Aleksandar (SRB)"]
[Black "Van Den Berg Carel B (NED)"]
[Result "1-0"]
[WhiteElo "2490"]
[BlackElo "2410"]

1.e4 c5 2.Nf3 d6 3.d4 cxd4 4.Nxd4 Nf6 5.Nc3 e6 6.Be2 a6 7.O-O Qc7 8.f4 Nbd7
9.Bf3 Be7 10.Kh1 Nf8 11.f5 e5 12.Nb3 b6 13.Qe1 Bb7 14.Qg3 h5 15.Be3 N8d7 16.a4
h4 17.Qe1 Nc5 18.Nxc5 dxc5 19.h3 O-O-O 20.Qe2 g6 21.fxg6 fxg6 22.Qc4 Kb8
23.Rad1 Rxd1 24.Rxd1 Rd8 25.Rf1 Nh5 26.Bxh5 gxh5 27.Qe6 Qd6 28.Qxd6+ Rxd6
29.Rf7 Bd8 30.Kg1 Rf6 31.Rh7 {#r} 1-0

[Event "Ch World (juniors)"]
[Site "masterchessopen.com Jerusalem (Israel)"]
[Round "0"]
[White "Day Lawrence A (CAN)"]
[Black "Timman Jan H (NED)"]
[Result "0-1"]
[WhiteElo "2224"]
[BlackElo "2555"]

1.e4 e6 2.d4 c5 3.Nf3 cxd4 4.Nxd4 Nf6 5.Nc3 d6 6.Be2 a6 7.O-O Qc7 8.f4 Nbd7
9.Bf3 Be7 10.g4 h6 11.h4 g5 12.fxg5 hxg5 13.Bxg5 d5 14.Kg2 Nxe4 15.Bxe4 Bxg5
16.Bg6 Ne5 17.Bh5 Bxh4 18.Qe2 Bd7 19.Nxd5 Qd6 20.c4 O-O-O 21.Nf4 Qxd4 22.Rad1
Qc5 23.b4 Qc7 24.b5 Ng6 {#R} 0-1

[Event "Olympiad"]
[Site "masterchessopen.com Lugano (Switzerland)"]
[Round "0"]
[White "Ibrahimoglu Ismet (TUR)"]
[Black "Bouaziz Slim (TUN)"]
[Result "1-0"]
[WhiteElo "2290"]
[BlackElo "2338"]

1.e4 c5 2.Nf3 d6 3.d4 cxd4 4.Nxd4 Nf6 5.Nc3 a6 6.Be2 e6 7.O-O Qc7 8.f4 b5 9.e5
dxe5 10.fxe5 Nfd7 11.Bxb5 axb5 12.Qf3 Nb6 13.Ndxb5 Qd7 14.Rd1 Bc5+ 15.Be3 Qe7
16.Ne4 Bxe3+ 17.Qxe3 Nd5 18.Nbd6+ Kf8 19.Rxd5 exd5 20.Nxc8 Qc7 21.Ned6 Nc6
22.Qc5 Kg8 23.Qxc6 Rxc8 24.Nxc8 {#r} 1-0

[Event "?"]
[Site "masterchessopen.com Tallinn (Estonia)"]
[Round "0"]
[White "Tarve Udo (EST)"]
[Black "Szabo Laszlo (HUN)"]
[Result "1-0"]
[WhiteElo "2385"]
[BlackElo "1903"]

1.e4 c5 2.Nf3 d6 3.d4 cxd4 4.Nxd4 Nf6 5.Nc3 a6 6.Be2 e6 7.O-O Qc7 8.f4 b5
9.Bf3 Bb7 10.e5 dxe5 11.fxe5 Nfd7 12.Bf4 Nc6 13.Nxc6 Bxc6 14.Kh1 Nc5 15.Qe1 b4
16.Ne4 Nxe4 17.Bxe4 Bxe4 18.Qxe4 Rd8 19.Rad1 Rc8 20.Bg5 Be7 21.Bxe7 Qxe7 22.c3
a5 23.a3 O-O 24.axb4 axb4 25.cxb4 Rb8 26.Rf4 Rb5 27.h3 Rfb8 28.Rd6 Qg5 29.Qf3
Qxe5 30.Rd7 f5 31.Rc4 Rxb4 32.Rxb4 Rxb4 33.Rd8+ Kf7 34.Qh5+ Ke7 35.Qe8+ {#r}
1-0

[Event "?"]
[Site "masterchessopen.com URS"]
[Round "0"]
[White "Klovans Janis (LAT)"]
[Black "Mukhim G (RUS)"]
[Result "1-0"]
[WhiteElo "2436"]
[BlackElo "2381"]

1.e4 c5 2.Nf3 e6 3.d4 cxd4 4.Nxd4 a6 5.Nc3 Qc7 6.Be2 Nf6 7.O-O d6 8.f4 Nbd7
9.Bf3 Rb8 10.Kh1 b5 11.e5 dxe5 12.Nc6 e4 13.Nxe4 Rb6 14.Ne5 Nxe4 15.Bxe4 Nf6
16.Bd3 Bc5 17.Qe2 O-O 18.Bd2 Rd6 19.b4 Bd4 20.c3 Ba7 21.c4 bxc4 22.Nxc4 Rd5
23.Rac1 Qd8 24.Ne5 Bb8 25.Bc3 Bxe5 26.fxe5 Rxd3 27.exf6 e5 28.Qxe5 gxf6
29.Rxf6 Rd1+ 30.Rf1 Rxf1+ 31.Rxf1 f6 32.Qg3+ Kh8 33.Qg5 {#r} 1-0

[Event "It"]
[Site "masterchessopen.com Bogota (Colombia)"]
[Round "4"]
[White "Yepez Trotzky (ECU)"]
[Black "Minaya Juan (COL)"]
[Result "0-1"]
[WhiteElo "2180"]
[BlackElo "2207"]

1.e4 c5 2.Nf3 e6 3.Nc3 a6 4.d4 cxd4 5.Nxd4 Qc7 6.Be2 Nf6 7.O-O d6 8.f4 Nc6
9.Be3 Bd7 10.Bf3 Be7 11.Qe1 Na5 12.Bf2 O-O 13.e5 Ne8 14.Be4 Nc4 15.Bh4 dxe5
16.Bxe7 exd4 17.Bxh7+ Kxh7 18.Qh4+ Kg8 19.Ne4 e5 20.fxe5 Qxe5 21.Ng5 Bf5
22.Rxf5 Qxf5 23.Rf1 Qxc2 24.Bxf8 Ne3 25.Qf2 Qxf2+ 26.Rxf2 Kxf8 27.Rxf7+ Kg8
28.Rxb7 Rd8 {#R} 0-1

[Event "Ch Hungary"]
[Site "masterchessopen.com Budapest (Hungary)"]
[Round "0"]
[White "Adorjan Andras (HUN)"]
[Black "Sax Gyula (HUN)"]
[Result "1-0"]
[WhiteElo "2475"]
[BlackElo "2445"]

1.e4 c5 2.Nf3 d6 3.Nc3 a6 4.d4 cxd4 5.Nxd4 Nf6 6.Be2 e6 7.O-O Qc7 8.f4 Nc6
9.Be3 Na5 10.f5 Be7 11.Qe1 b5 12.Qg3 b4 13.fxe6 fxe6 14.Na4 Bd8 15.Nb6 Ra7
16.Nxc8 Qxc8 17.Qxd6 Re7 18.Bxa6 Qc7 19.Bb5+ Kf7 20.Qxc7 Bxc7 21.Nf3 Rb8
22.Bd3 Kg8 23.h3 Nh5 24.e5 Ng3 25.Rfe1 Nf5 26.Bc5 Ree8 27.b3 Nc6 28.g4 Nh6
29.Bd6 Bxd6 30.exd6 Rbd8 31.Rad1 {#r} 1-0

[Event "?"]
[Site "masterchessopen.com URS"]
[Round "0"]
[White "Klovans Janis (LAT)"]
[Black "Dementiev Oleg I (RUS)"]
[Result "1-0"]
[WhiteElo "2475"]
[BlackElo "2490"]

1.e4 c5 2.Nf3 d6 3.d4 cxd4 4.Nxd4 Nf6 5.Nc3 a6 6.Be2 e6 7.O-O Qc7 8.f4 Nbd7
9.Bf3 Rb8 10.Kh1 b5 11.e5 dxe5 12.Nc6 Rb6 13.fxe5 Ng4 14.Bxg4 Rxc6 15.Bf4 Bb7
16.Ne4 Rc4 17.Ng5 Be7 18.Nxf7 Kxf7 19.Bxe6+ Kxe6 20.Qg4+ Kf7 21.e6+ Kg8
22.exd7 Qc6 23.Rae1 Re4 24.Rxe4 Qxe4 25.Bd6 {#r} 1-0

[Event "It"]
[Site "masterchessopen.com Buenos Aires (Argentina)"]
[Round "0"]
[White "Cuasnicu Oscar (ARG)"]
[Black "Najdorf Miguel (POL)"]
[Result "1-0"]
[WhiteElo "2375"]
[BlackElo "2525"]

1.e4 c5 2.Nf3 d6 3.d4 cxd4 4.Nxd4 Nf6 5.Nc3 e6 6.Be2 a6 7.O-O Qc7 8.f4 Nbd7
9.Kh1 b5 10.Bf3 Bb7 11.Qe2 b4 12.Nd1 Rc8 13.e5 dxe5 14.Bxb7 Qxb7 15.fxe5 Nd5
16.Qh5 g6 17.Qh3 Qb6 18.Nf3 Rxc2 19.Bh6 Qb5 20.Nf2 Bxh6 21.Qxh6 Qc4 22.Rae1
Ne7 23.Ne4 Nf5 24.Nd6+ Nxd6 25.exd6 Qg4 26.Rg1 Qh5 27.Qg7 Rf8 28.Rxe6+ Kd8
29.Re7 {#r} 1-0

[Event "Ch DDR (w)"]
[Site "masterchessopen.com Erfurt (Germany)"]
[Round "4"]
[White "Bade Heidrun (GER)"]
[Black "Burchardt Brigitte (GER)"]
[Result "1-0"]
[WhiteElo "1835"]
[BlackElo "2224"]

1.e4 c5 2.Nf3 d6 3.d4 cxd4 4.Nxd4 Nf6 5.Nc3 a6 6.Be2 e6 7.O-O Qc7 8.f4 Be7
9.Be3 O-O 10.Qe1 b5 11.a3 Bb7 12.Bf3 Nbd7 13.Qg3 Kh8 14.Rae1 Nb6 15.f5 e5
16.Nb3 Nc4 17.Bc1 Nxa3 18.Rf2 Nc4 19.Kh1 b4 20.Nd5 Bxd5 21.exd5 a5 22.Qh3 a4
23.Na1 a3 24.bxa3 bxa3 25.g4 Nd7 26.g5 g6 27.f6 Bd8 28.Re4 Rg8 29.Qxh7+ {#r}
1-0

[Event "Ch Hungary"]
[Site "masterchessopen.com Budapest (Hungary)"]
[Round "0"]
[White "Tompa Janos (HUN)"]
[Black "Rajna George (ISR)"]
[Result "1-0"]
[WhiteElo "2398"]
[BlackElo "2405"]

1.e4 c5 2.Nf3 e6 3.d4 cxd4 4.Nxd4 Nf6 5.Nc3 d6 6.Be2 a6 7.O-O Qc7 8.f4 Nc6
9.Be3 Be7 10.Qe1 Bd7 11.a4 Na5 12.Qg3 O-O 13.e5 Ne8 14.Bd3 f5 15.Nxf5 Rxf5
16.Bxf5 Nc4 17.Bd3 Nxb2 18.Bd4 Nxd3 19.cxd3 d5 20.f5 Bc5 21.Qf2 Rc8 22.Bxc5
Qxc5 23.d4 Qf8 24.Qb2 Qe7 25.Rac1 Bc6 26.Qb3 Rd8 27.fxe6 Qxe6 28.Ne4 Qg4
29.Qb4 Nc7 30.Qe7 Ne6 31.Nc5 Re8 32.Nxe6 Qxe6 33.Rf8+ {#r} 1-0

[Event "Ch Argentina"]
[Site "masterchessopen.com Caseros (Argentina)"]
[Round "9"]
[White "Grinberg Ricardo (ARG)"]
[Black "Garcia Raimundo (ARG)"]
[Result "1-0"]
[WhiteElo "2360"]
[BlackElo "2327"]

1.e4 c5 2.Nf3 e6 3.d4 cxd4 4.Nxd4 Nf6 5.Nc3 d6 6.Be2 a6 7.O-O Qc7 8.f4 Be7
9.Be3 O-O 10.Kh1 Nc6 11.Qe1 Bd7 12.Qg3 b5 13.a3 Nxd4 14.Bxd4 Bc6 15.Bd3 Qb7
16.Rae1 b4 17.axb4 Qxb4 18.Bxf6 Bxf6 19.e5 dxe5 20.Ne4 Qe7 21.fxe5 Bh4 22.Qh3
{#r} 1-0

[Event "Olympiad"]
[Site "masterchessopen.com Nice (France)"]
[Round "2"]
[White "Schaufelberger Heinz (SUI)"]
[Black "Janetschek Karl (AUT)"]
[Result "1-0"]
[WhiteElo "2345"]
[BlackElo "2335"]

1.e4 c5 2.Nf3 e6 3.d4 cxd4 4.Nxd4 Nf6 5.Nc3 a6 6.Be2 d6 7.O-O Qc7 8.f4 Nc6
9.Be3 Nxd4 10.Bxd4 e5 11.Be3 Bd7 12.a4 Bc6 13.a5 Be7 14.Bb6 Qc8 15.Nd5 Bxd5
16.exd5 Bd8 17.Be3 exf4 18.Rxf4 O-O 19.c4 Nd7 20.Rf1 f5 21.b4 Bf6 22.Rc1 Qe8
23.Qd2 Qe7 24.Bd3 g6 25.Rfe1 Ne5 26.Kh1 Rfe8 27.c5 Ng4 28.Bg1 Be5 29.c6 Qh4
30.Rxe5 Rxe5 31.cxb7 Rae8 32.g3 Qe7 33.Bxa6 f4 34.gxf4 {#r} 1-0

[Event "Ch URS (qual)"]
[Site "masterchessopen.com Cheliabinsk (Russia)"]
[Round "0"]
[White "Faibisovich Vadim Z (RUS)"]
[Black "Dementiev Oleg I (RUS)"]
[Result "1-0"]
[WhiteElo "2390"]
[BlackElo "2490"]

1.e4 c5 2.Nf3 d6 3.d4 cxd4 4.Nxd4 Nf6 5.Nc3 a6 6.Be2 e6 7.O-O Qc7 8.a4 Be7
9.g4 h6 10.f4 g6 11.Be3 Nbd7 12.Rf2 b6 13.g5 Nh7 14.f5 gxf5 15.exf5 Nxg5
16.Bxg5 Bxg5 17.fxe6 Ne5 18.Nd5 Qc5 19.exf7+ Kf8 20.c4 a5 21.Ra3 Rh7 22.Rg3
Rg7 23.Nb3 Qc6 24.Qd4 Bh3 25.Qe4 Ra7 26.Kh1 Qc8 27.Nxb6 Qb8 28.Rxh3 Qxb6 29.c5
Qb8 30.Bh5 Re7 31.cxd6 Re6 32.Nd4 {#r} 1-0

[Event "Ch URS (qual)"]
[Site "masterchessopen.com Cheliabinsk (Russia)"]
[Round "0"]
[White "Timoscenko Gennadij (SVK)"]
[Black "Platonov Igor V (RUS)"]
[Result "1-0"]
[WhiteElo "2483"]
[BlackElo "2430"]

1.e4 c5 2.Nf3 d6 3.d4 cxd4 4.Nxd4 Nf6 5.Nc3 a6 6.Be2 e6 7.O-O Qc7 8.a4 Nc6
9.Be3 Be7 10.f4 O-O 11.Kh1 Bd7 12.Nb3 b6 13.Bf3 Rfd8 14.Qe2 Be8 15.Bf2 Nd7
16.Nd5 exd5 17.exd5 Nce5 18.fxe5 Nxe5 19.Bd4 Bf6 20.Be4 b5 21.Rxf6 gxf6 22.Qh5
f5 23.Qg5+ Kf8 24.Qf6 fxe4 25.Nc5 Kg8 26.Rf1 Bc6 27.dxc6 Re8 28.Rf5 Rad8
29.Rg5+ Kf8 30.Qg7+ Ke7 31.Bxe5 dxe5 32.Rxe5+ Kd6 33.Qf6+ {#r} 1-0

[Event "It"]
[Site "masterchessopen.com Rimavska Sobota (Slovakia)"]
[Round "10"]
[White "Tepper M"]
[Black "Ghinda Mihail-Viorel (ROM)"]
[Result "0-1"]
[WhiteElo "2200"]
[BlackElo "2432"]

1.e4 c5 2.Nf3 d6 3.Nc3 e6 4.d4 cxd4 5.Nxd4 Nf6 6.Be2 a6 7.O-O Qc7 8.f4 Be7
9.Kh1 O-O 10.Bf3 Nc6 11.Nde2 b5 12.a3 Bb7 13.g4 d5 14.exd5 Rad8 15.g5 Nxd5
16.Nxd5 exd5 17.Ng3 d4 18.Qd3 Rc8 19.Bd2 Bxg5 20.Kg1 Bh4 21.Rac1 Rcd8 22.Rf2
Rfe8 23.Re1 Rxe1+ 24.Bxe1 g6 25.Bd2 Bc8 26.Re2 Ne7 27.Bb4 Nf5 28.Qd2 Qa7
29.Kg2 Ne3+ 30.Kf2 Nc4 {#R} 0-1

[Event "Ch URS"]
[Site "masterchessopen.com Moscow (Russia)"]
[Round "11"]
[White "Smyslov Vassily (RUS)"]
[Black "Grigorian Karen (RUS)"]
[Result "1-0"]
[WhiteElo "2580"]
[BlackElo "2485"]

1.e4 c5 2.Nf3 d6 3.d4 cxd4 4.Nxd4 Nf6 5.Nc3 a6 6.Be2 e6 7.O-O Qc7 8.f4 Nbd7
9.a4 b6 10.Bf3 Bb7 11.Qe2 e5 12.Nd5 Nxd5 ( 12...Qc5 13.b4 { ! } 13...Qxd4+
14.Be3 { +?? } ) 13.exd5 g6 14.Nc6 Bg7 15.fxe5 Nxe5 16.Nxe5 Bxe5 ( 16...dxe5
17.d6 Qd7 18.Bh6 { ! P } ) 17.Bh6 f6 ( 17...O-O-O 18.a5 b5 19.c4 bxc4 20.Ra4 {
? } ) 18.c4 Kf7 19.Bg4 Bc8 20.Bxc8 Raxc8 21.Rxf6+ Kxf6 22.Qg4 Qc5+ 23.Kh1 Ke7
24.Bg5+ {#r} 1-0

[Event "?"]
[Site "masterchessopen.com Vrnjacka Banja (Serbia)"]
[Round "0"]
[White "Diaz Joaquin C (CUB)"]
[Black "Nikolic Vasilije (YUG)"]
[Result "1-0"]
[WhiteElo "2385"]
[BlackElo "2305"]

1.e4 c5 2.Nf3 d6 3.d4 cxd4 4.Nxd4 Nf6 5.Nc3 a6 6.Be2 e6 7.O-O Qc7 8.f4 Nbd7
9.Bf3 Be7 10.g4 h6 11.h4 g5 12.fxg5 hxg5 13.Bxg5 d5 14.Qd2 dxe4 15.Nxe4 Nxe4
16.Bxe4 Bxg5 17.hxg5 Rh4 18.Qf2 Rxg4+ 19.Bg2 Ne5 20.Rae1 Rxg5 21.Qf4 Rh5 22.c3
Bd7 23.Rxe5 Qxe5 24.Qxf7+ Kd8 25.Nxe6+ Qxe6 26.Qxh5 Kc7 27.Rf7 Rd8 28.Qc5+ Kb8
29.Re7 Qg4 30.Qd6+ Kc8 31.Re4 Qg8 32.Rd4 Qg5 33.Rc4+ {#r} 1-0

[Event "Ch OWL"]
[Site "masterchessopen.com Detmold (Germany)"]
[Round "8"]
[White "Kreie Guenther (GER)"]
[Black "Vinke Dietmar (FIN)"]
[Result "1-0"]
[WhiteElo "1939"]
[BlackElo "2218"]

1.e4 c5 2.Nf3 e6 3.d4 cxd4 4.Nxd4 Nf6 5.Nc3 d6 6.Be2 a6 7.O-O Qc7 8.f4 Nc6
9.Be3 Bd7 10.Qe1 b5 11.Bf3 Rc8 12.a3 Na5 13.Rd1 Nc4 14.Bc1 Nxa3 15.e5 dxe5
16.fxe5 Ng8 17.Bh5 g6 18.Qf2 f5 19.exf6 Kf7 20.Ne4 h6 21.bxa3 gxh5 22.Qh4 Qe5
23.Nf3 Bc5+ 24.Kh1 {#r} 1-0

[Event "Olympiad"]
[Site "masterchessopen.com Buenos Aires (Argentina)"]
[Round "13"]
[White "Kristiansen Jens (DEN)"]
[Black "Tringov Georgi P (BUL)"]
[Result "0-1"]
[WhiteElo "2395"]
[BlackElo "2480"]

1.e4 c5 2.Nf3 d6 3.d4 cxd4 4.Nxd4 Nf6 5.Nc3 e6 6.Be2 a6 7.O-O Qc7 8.f4 Nbd7
9.Bf3 Be7 10.Kh1 O-O 11.Qe2 Re8 12.Bd2 Bf8 13.Nb3 Nb6 14.Rae1 Nc4 15.Bc1 Rb8
16.e5 dxe5 17.fxe5 Nd7 18.Bf4 Ndb6 19.Ne4 Nd5 20.Bg3 Nce3 21.Nf6+ gxf6 22.exf6
Qxc2 23.Bxb8 Qxe2 24.Bxe2 Nxf1 25.Rxf1 e5 26.Ba7 Bd7 27.Bc4 Nf4 28.Be3 b5
29.Bxf4 bxc4 {#R} 0-1

[Event "It"]
[Site "masterchessopen.com Bogota (Colombia)"]
[Round "12"]
[White "Garcia Gildardo (COL)"]
[Black "Minaya Juan (COL)"]
[Result "1-0"]
[WhiteElo "2401"]
[BlackElo "2207"]

1.e4 c5 2.Nf3 d6 3.d4 cxd4 4.Nxd4 Nf6 5.Nc3 e6 6.Be2 a6 7.O-O Qc7 8.a4 Be7
9.Be3 O-O 10.f4 Re8 11.Qe1 Nbd7 12.Qg3 Kh8 13.Rad1 Bf8 14.Kh1 e5 15.Nf5 Nc5
16.Bxc5 Bxf5 17.fxe5 Nxe4 18.Nxe4 Bxe4 19.Bxd6 Qxc2 20.Bh5 g6 21.Rf2 Qxa4
22.b3 Qa5 23.Be2 Bf5 24.Bc4 Bxd6 25.exd6 Re1+ 26.Rf1 Rxd1 27.Rxd1 Kg8 28.Qe3
Rd8 29.b4 Qa4 30.Bxf7+ {#r} 1-0

[Event "It (open) \"]
[Site "masterchessopen.com New York (USA)"]
[Round "8"]
[White "Wilder Michael (USA)"]
[Black "Renna Tony (USA)"]
[Result "1-0"]
[WhiteElo "2540"]
[BlackElo "2380"]

1.e4 c5 2.Nf3 e6 3.d4 cxd4 4.Nxd4 Nf6 5.Nc3 d6 6.Be2 a6 7.O-O Qc7 8.f4 Be7
9.Kh1 O-O 10.Qe1 b5 11.a3 Bb7 12.Bf3 Rd8 13.Be3 d5 14.e5 Ne4 15.Bxe4 dxe4
16.Qf2 Nd7 17.f5 Nxe5 18.fxe6 f6 19.Qg3 Bd6 20.e7 Qxe7 21.Nf5 Qf8 22.Bf4 Nf7
23.Rae1 Bxf4 24.Rxf4 Nd6 25.Nxg7 Kf7 26.Nh5 Ne8 27.Nxe4 Bxe4 28.Rfxe4 Ra7
29.Qb3+ {#r} 1-0

[Event "It \"]
[Site "masterchessopen.com Prague (Czech Republic)"]
[Round "11"]
[White "Lengyel Bela (HUN)"]
[Black "Hausner Ivan (CZE)"]
[Result "0-1"]
[WhiteElo "2288"]
[BlackElo "2407"]

1.e4 c5 2.Nf3 d6 3.d4 cxd4 4.Nxd4 Nf6 5.Nc3 e6 6.Be2 a6 7.O-O Qc7 8.f4 Be7
9.Kh1 Nc6 10.Be3 Bd7 11.a4 O-O 12.Nb3 b6 13.g4 d5 14.exd5 Nb4 15.Bf3 Rad8
16.Qe2 Nfxd5 17.Nxd5 Nxd5 18.Bxd5 exd5 19.Bd4 Rfe8 20.Qf2 Rc8 21.c3 Bf8 22.Qg2
Re4 23.f5 Rce8 24.a5 bxa5 25.Bf2 Bb5 26.Rfe1 Bd3 27.Nd2 Re2 28.Qf3 Bb5 29.Rxe2
Bxe2 30.Qxd5 Rd8 {#R} 0-1